[Event "OP-2020-0-05054"]
[Site "LSS email"]
[Date "2020.11.17"]
[Round "?"]
[White "Erdem, Naci"]
[Black "Molina, Vicente Andres"]
[Result "1/2-1/2"]
[WhiteElo "912"]
[BlackElo "663"]
[PlyCount "107"]
[EventDate "2020.11.14"]
[EventType "tourn (corr)"]
[EventRounds "4"]
[EventCountry "GER"]
[SourceTitle "Corr 2024"]
[Source "ChessBase"]
[SourceDate "2023.10.19"]
[SourceVersion "1"]
[SourceVersionDate "2023.10.19"]
[SourceQuality "1"]

1. e4 d6 2. d4 Nf6 3. Nc3 Nbd7 4. Nf3 e5 5. d5 g6 6. Bg5 Bg7 7. Bd3 0-0 8. 0-0 c6 9. Bxf6 Nxf6 10. h3 Qe7 11. Qd2 cxd5 12. Nh2 dxe4 13. Bxe4 Be6 14. Rfe1 Rfd8 15. Rad1 a6 16. Nf3 Rab8 17. a3 Nxe4 18. Nxe4 d5 19. Ng3 Qc7 20. c3 f5 21. Ne2 d4 22. cxd4 Bb3 23. Rc1 Qd6 24. Rc3 Ba4 25. Rec1 e4 26. Ne1 Bb5 27. Rc7 Bc6 28. Qa5 Bxd4 29. Nxd4 Qxd4 30. Nc2 Qd2 31. Qxd2 Rxd2 32. Nb4 Rxb2 33. Nxc6 bxc6 34. R7xc6 R8b6 35. Rc8+ Kg7 36. R1c7+ Kh6 37. Rh8 Kg5 38. Rhxh7 R6b3 39. Rc6 Rxa3 40. Rg7 Ra1+ 41. Kh2 Rxf2 42. Rgxg6+ Kf4 43. Rxa6 Rxa6 44. Rxa6 e3 45. Kg1 Rb2 46. Kf1 Kg3 47. Rg6+ Kf4 48. Ke1 Ke4 49. h4 Kd3 50. Rd6+ Ke4 51. Rg6 Kd3 52. Rd6+ Ke4 53. Re6+ Kd3 54. Rd6+ 1/2-1/2

[Event "LSS No Engine Cup 197 Preliminary 0"]
[Site "LSS email"]
[Date "2020.01.19"]
[Round "?"]
[White "Ilyin, Igor"]
[Black "Erdem, Naci"]
[Result "0-1"]
[WhiteElo "1536"]
[BlackElo "1387"]
[PlyCount "78"]
[EventDate "2020.01.19"]
[EventType "tourn (corr)"]
[EventRounds "6"]
[EventCountry "GER"]
[SourceTitle "Corr 2022"]
[Source "ChessBase"]
[SourceDate "2021.10.24"]
[SourceVersion "1"]
[SourceVersionDate "2021.10.24"]
[SourceQuality "1"]

1. d4 d5 2. c4 e6 3. Nf3 Nf6 4. Nc3 Bb4 5. Qa4+ Nc6 6. Bg5 Bd7 7. e3 0-0 8. Be2 Bxc3+ 9. bxc3 Nxd4 10. Bxf6 Qxf6 11. Qxd7 Nc2+ 12. Kd2 Nxa1 13. Rxa1 dxc4 14. Qxc7 Rfd8+ 15. Kc2 b6 16. Qg3 h6 17. Ne5 b5 18. Bf3 Rac8 19. Rb1 a6 20. Bb7 Rc7 21. Bxa6 Qf5+ 22. Kc1 Rd1+ 23. Kxd1 Qxb1+ 24. Ke2 Qxa2+ 25. Kf3 Qxa6 26. Ng4 Qc6+ 27. Ke2 Kh8 28. f4 Qe4 29. Ne5 Qc2+ 30. Kf3 Qd1+ 31. Kf2 Ra7 32. Qh3 Ra2+ 33. Kg3 Qe1+ 34. Kg4 f5+ 35. Kh5 Qxc3 36. Qh4 Qxe3 37. Qd8+ Kh7 38. Ng6 Qe2+ 39. Kh4 Qg4# 0-1

[Event "LSS No Engine Cup 197 Preliminary 0"]
[Site "LSS email"]
[Date "2020.01.19"]
[Round "?"]
[White "Neumann, Otto"]
[Black "Erdem, Naci"]
[Result "1-0"]
[WhiteElo "1180"]
[BlackElo "1387"]
[PlyCount "59"]
[EventDate "2020.01.19"]
[EventType "tourn (corr)"]
[EventRounds "6"]
[EventCountry "GER"]
[SourceTitle "Corr 2022"]
[Source "ChessBase"]
[SourceDate "2021.10.24"]
[SourceVersion "1"]
[SourceVersionDate "2021.10.24"]
[SourceQuality "1"]

1. d4 d5 2. Nf3 Nc6 3. Bf4 Bf5 4. e3 Nf6 5. Bd3 e6 6. Nc3 Bb4 7. 0-0 Bxc3 8. bxc3 h6 9. Rb1 Rb8 10. h3 a6 11. Qe2 Bxd3 12. cxd3 0-0 13. Bh2 Qe7 14. Ne5 Nxe5 15. Bxe5 Nd7 16. Bxc7 Rbc8 17. Ba5 Rb8 18. Bb4 Qf6 19. Bxf8 Nxf8 20. c4 dxc4 21. dxc4 Ng6 22. c5 Ne7 23. Rb3 Nd5 24. a4 a5 25. Rfb1 Nb4 26. Qb5 Qe7 27. Qxa5 Nc6 28. Qd2 Qc7 29. Rb6 g6 30. a5 1-0

[Event "SN-2019-0-00985"]
[Site "LSS email"]
[Date "2019.07.27"]
[Round "?"]
[White "Erdem, Naci"]
[Black "Amuso, Jose Alberto"]
[Result "1-0"]
[WhiteElo "997"]
[BlackElo "817"]
[PlyCount "67"]
[EventDate "2019.06.27"]
[EventType "tourn (corr)"]
[EventRounds "6"]
[EventCountry "GER"]
[SourceTitle "Corr 2022"]
[Source "ChessBase"]
[SourceDate "2021.10.24"]
[SourceVersion "1"]
[SourceVersionDate "2021.10.24"]
[SourceQuality "1"]

1. e4 e6 2. d4 d5 3. e5 a6 4. Nf3 Nc6 5. c3 h6 6. Bd3 f6 7. Bg6+ Ke7 8. 0-0 Bd7 9. Be3 Be8 10. Nh4 f5 11. Qh5 Kd7 12. Nd2 Bxg6 13. Nxg6 Qe8 14. Nxf8+ Qxf8 15. Nb3 Rd8 16. Nc5+ Kc8 17. Nxe6 Qe8 18. Nxg7 Qxh5 19. Nxh5 Nge7 20. Nf4 Rdg8 21. b4 Kd7 22. a4 Na7 23. Nh5 Rg6 24. Nf4 Rg7 25. Nh5 Rg6 26. Rfe1 Kc6 27. Nf4 Rgg8 28. Rac1 Rg7 29. h3 Ng6 30. Nh5 Rgg8 31. c4 dxc4 32. Rxc4+ Kb6 33. Nf6 Rg7 34. Nd5# 1-0

[Event "SN-2019-0-00963"]
[Site "LSS email"]
[Date "2019.02.26"]
[Round "?"]
[White "Vontina, Maria"]
[Black "Erdem, Naci"]
[Result "1/2-1/2"]
[WhiteElo "840"]
[BlackElo "980"]
[PlyCount "54"]
[EventDate "2019.01.29"]
[EventType "tourn (corr)"]
[EventRounds "6"]
[EventCountry "GER"]
[SourceTitle "Corr 2022"]
[Source "ChessBase"]
[SourceDate "2021.10.24"]
[SourceVersion "1"]
[SourceVersionDate "2021.10.24"]
[SourceQuality "1"]

1. e4 c5 2. Nf3 Nc6 3. d4 cxd4 4. Nxd4 e5 5. Nb5 d6 6. N1c3 a6 7. Na3 Nf6 8. Bg5 Be7 9. Bxf6 Bxf6 10. Be2 Be6 11. 0-0 0-0 12. Nd5 Rc8 13. Nxf6+ Qxf6 14. c3 Rfd8 15. Nc2 Qg6 16. Bf3 Rd7 17. Ne3 Rcd8 18. Qe2 f6 19. Rfd1 Qf7 20. b3 b5 21. Nd5 Bxd5 22. Rxd5 Ne7 23. Rdd1 d5 24. exd5 Nxd5 25. Bxd5 Rxd5 26. Kf1 Qd7 27. Ke1 Kf7 1/2-1/2

[Event "SN-2019-0-00963"]
[Site "LSS email"]
[Date "2019.02.25"]
[Round "?"]
[White "Gamba, Juan Manuel"]
[Black "Erdem, Naci"]
[Result "0-1"]
[WhiteElo "1073"]
[BlackElo "980"]
[PlyCount "68"]
[EventDate "2019.01.29"]
[EventType "tourn (corr)"]
[EventRounds "6"]
[EventCountry "GER"]
[SourceTitle "Corr 2022"]
[Source "ChessBase"]
[SourceDate "2021.10.24"]
[SourceVersion "1"]
[SourceVersionDate "2021.10.24"]
[SourceQuality "1"]

1. d4 Nf6 2. c4 e6 3. Nc3 Bb4 4. Qc2 d5 5. cxd5 Bxc3+ 6. bxc3 Nxd5 7. e4 Nb6 8. Nf3 Nc6 9. Bd3 0-0 10. e5 Ne7 11. Bxh7+ Kh8 12. Bd3 Nbd5 13. 0-0 Nf5 14. Bb2 c6 15. Qe2 Nf4 16. Qe4 Nxd3 17. Qxd3 c5 18. Rad1 b6 19. Bc1 Kg8 20. g4 Ne7 21. h4 f6 22. g5 f5 23. h5 Bb7 24. Nh4 Qd5 25. Qh3 Bc6 26. g6 f4 27. Kh2 Nf5 28. Rg1 Nh6 29. Bb2 Rad8 30. dxc5 Qxc5 31. Qxe6+ Kh8 32. Rxd8 Qxf2+ 33. Ng2 Rxd8 34. Qxc6 Qg3+ 0-1

[Event "CP-2018-P-00012"]
[Site "LSS email"]
[Date "2018.09.27"]
[Round "?"]
[White "Erdem, Naci"]
[Black "Heiser, Jerome"]
[Result "0-1"]
[WhiteElo "1044"]
[BlackElo "535"]
[PlyCount "36"]
[EventDate "2018.10.01"]
[EventType "tourn (corr)"]
[EventRounds "6"]
[EventCountry "GER"]
[SourceTitle "Corr 2022"]
[Source "ChessBase"]
[SourceDate "2021.10.24"]
[SourceVersion "1"]
[SourceVersionDate "2021.10.24"]
[SourceQuality "1"]

1. e4 e5 2. Nf3 Nc6 3. Bc4 h6 4. d3 Nf6 5. Nc3 Bc5 6. h3 0-0 7. 0-0 d6 8. a3 a6 9. Nd5 Be6 10. Nxf6+ Qxf6 11. Bxe6 Qxe6 12. c3 b5 13. b4 Bb6 14. Re1 f6 15. Be3 Ba7 16. Qd2 Kh7 17. Nh2 h5 18. f4 g6 0-1

[Event "SN-2018-0-00930"]
[Site "LSS email"]
[Date "2018.06.20"]
[Round "?"]
[White "Erdem, Naci"]
[Black "Hughes, Chris"]
[Result "1-0"]
[WhiteElo "1101"]
[BlackElo "831"]
[PlyCount "75"]
[EventDate "2018.05.25"]
[EventType "tourn (corr)"]
[EventRounds "6"]
[EventCountry "GER"]
[SourceTitle "Corr 2022"]
[Source "ChessBase"]
[SourceDate "2021.10.24"]
[SourceVersion "1"]
[SourceVersionDate "2021.10.24"]
[SourceQuality "1"]

1. e4 e6 2. d4 d5 3. e5 c5 4. Nf3 Nc6 5. c3 Bd7 6. Bb5 Nxe5 7. dxe5 Bxb5 8. a4 Ba6 9. Na3 Ne7 10. Nb5 Nc6 11. 0-0 g6 12. Bg5 Be7 13. Bh6 Qb6 14. Re1 Bxb5 15. axb5 Qxb5 16. Qc2 0-0-0 17. Bg7 Rhg8 18. Bf6 Rge8 19. Bxe7 Rxe7 20. Ra3 Na5 21. Rea1 b6 22. h3 Kb8 23. Ng5 h6 24. Nf3 c4 25. Nd4 Qc5 26. Qa4 Rc8 27. Nb5 g5 28. Nd6 Rcc7 29. Nb5 Rcd7 30. R3a2 Nb3 31. Rd1 d4 32. cxd4 Nxd4 33. Nc3 Qxe5 34. Raa1 Rc7 35. b4 cxb3 36. Rxd4 Rxc3 37. Rd8+ Kb7 38. Qxa7+ 1-0

[Event "SN-2018-0-00930"]
[Site "LSS email"]
[Date "2018.06.20"]
[Round "?"]
[White "Erdem, Naci"]
[Black "Neumann, Otto"]
[Result "0-1"]
[WhiteElo "1101"]
[BlackElo "756"]
[PlyCount "92"]
[EventDate "2018.05.25"]
[EventType "tourn (corr)"]
[EventRounds "6"]
[EventCountry "GER"]
[SourceTitle "Corr 2022"]
[Source "ChessBase"]
[SourceDate "2021.10.24"]
[SourceVersion "1"]
[SourceVersionDate "2021.10.24"]
[SourceQuality "1"]

1. e4 c6 2. d4 d5 3. e5 Bf5 4. Bd3 Bxd3 5. Qxd3 e6 6. Nf3 Nd7 7. 0-0 Ne7 8. Nc3 Nf5 9. Bf4 Be7 10. a3 0-0 11. Ne2 h6 12. c4 dxc4 13. Qxc4 Nb6 14. Qc2 Nd5 15. Rad1 Re8 16. Ng3 Nxf4 17. Nxf5 exf5 18. Qxf5 Nd5 19. Rfe1 Bf8 20. Rd3 Ne7 21. Qg4 Ng6 22. h4 Ne7 23. e6 f6 24. h5 Qd5 25. Nh2 Nf5 26. Nf1 c5 27. Ne3 Nxe3 28. Rexe3 Bd6 29. dxc5 Qxc5 30. b4 Qc1+ 31. Rd1 Qc7 32. Red3 Rad8 33. Qg6 Rxe6 34. Qg4 Rde8 35. g3 Re1+ 36. Rxe1 Rxe1+ 37. Kh2 Qc6 38. Rf3 Be5 39. Kg2 b5 40. Qg6 Ra1 41. Qd3 Qe8 42. Qd5+ Kh8 43. Qd3 Qxh5 44. Qd8+ Kh7 45. Qd3+ Kg8 46. Qd8+ Kh7 0-1

[Event "SN-2018-0-00930"]
[Site "LSS email"]
[Date "2018.06.20"]
[Round "?"]
[White "Venturas, Bob"]
[Black "Erdem, Naci"]
[Result "0-1"]
[WhiteElo "623"]
[BlackElo "1101"]
[PlyCount "96"]
[EventDate "2018.05.25"]
[EventType "tourn (corr)"]
[EventRounds "6"]
[EventCountry "GER"]
[SourceTitle "Corr 2022"]
[Source "ChessBase"]
[SourceDate "2021.10.24"]
[SourceVersion "1"]
[SourceVersionDate "2021.10.24"]
[SourceQuality "1"]

1. e4 c5 2. Bc4 Nc6 3. Nf3 h6 4. h3 e5 5. Nc3 Nf6 6. a3 Be7 7. d3 0-0 8. Qd2 a6 9. 0-0 b5 10. Bd5 Qc7 11. Ba2 d6 12. Nh2 Bb7 13. f4 Rad8 14. f5 Nb8 15. Rf3 Nh5 16. g4 Nf6 17. g5 hxg5 18. Qxg5 Nxe4 19. Qg4 Nf6 20. Qg2 Bxf3 21. Qxf3 Nc6 22. Qg3 d5 23. Ng4 Nxg4 24. hxg4 Nd4 25. Bb1 b4 26. axb4 cxb4 27. Kf2 bxc3 28. bxc3 Qxc3 29. Rxa6 Nxc2 30. Ra2 Qe1+ 31. Kg2 Qxc1 32. Bxc2 Ra8 33. Bb3 Rxa2+ 34. Bxa2 Qd2+ 35. Qf2 Qxf2+ 36. Kxf2 d4 37. Kf3 Kh7 38. Ke4 f6 39. Bb3 Kh6 40. Bd1 Kg5 41. Kf3 Rh8 42. Kg3 Rh1 43. Bf3 Rg1+ 44. Kf2 Rxg4 45. Bxg4 Kxg4 46. Kg2 Kxf5 47. Kf3 g5 48. Kg3 g4 0-1

[Event "SN-2016-0-00798"]
[Site "LSS email"]
[Date "2016.10.07"]
[Round "?"]
[White "Erdem, Naci"]
[Black "Chura, Michal"]
[Result "0-1"]
[WhiteElo "1192"]
[BlackElo "1125"]
[PlyCount "94"]
[EventDate "2016.09.14"]
[EventType "tourn (corr)"]
[EventRounds "6"]
[EventCountry "GER"]
[SourceTitle "Corr 2022"]
[Source "ChessBase"]
[SourceDate "2021.10.24"]
[SourceVersion "1"]
[SourceVersionDate "2021.10.24"]
[SourceQuality "1"]

1. e4 c5 2. Nf3 Nc6 3. d4 cxd4 4. Nxd4 d6 5. Bb5 Bd7 6. Bxc6 Bxc6 7. Nc3 e6 8. Nxc6 bxc6 9. 0-0 Be7 10. Be3 Bf6 11. Qd3 Ne7 12. f4 Ng6 13. f5 Ne5 14. Qe2 exf5 15. exf5 0-0 16. Nd1 Qc7 17. Nf2 Rfe8 18. Ne4 Rab8 19. Nxf6+ gxf6 20. Qh5 Kh8 21. Rf4 Rg8 22. Rh4 Rg7 23. b3 Rbg8 24. Kh1 Nd7 25. Rf1 Ne5 26. Bh6 Rg4 27. Rxg4 Nxg4 28. h3 Nxh6 29. Qxh6 Qe7 30. a4 d5 31. Qf4 Qe5 32. Qxe5 fxe5 33. Re1 e4 34. Kg1 h5 35. Rf1 Kg7 36. a5 Kf6 37. a6 Rg5 38. Rf2 Rxf5 39. Rxf5+ Kxf5 40. Kf2 Ke5 41. c3 d4 42. cxd4+ Kxd4 43. Ke2 f5 44. Kd2 c5 45. g3 c4 46. bxc4 Kxc4 47. Ke3 Kb5 0-1

[Event "SN-2016-0-00798"]
[Site "LSS email"]
[Date "2016.10.07"]
[Round "?"]
[White "Erdem, Naci"]
[Black "Lombardi, Donato"]
[Result "0-1"]
[WhiteElo "1192"]
[BlackElo "831"]
[PlyCount "64"]
[EventDate "2016.09.14"]
[EventType "tourn (corr)"]
[EventRounds "6"]
[EventCountry "GER"]
[SourceTitle "Corr 2022"]
[Source "ChessBase"]
[SourceDate "2021.10.24"]
[SourceVersion "1"]
[SourceVersionDate "2021.10.24"]
[SourceQuality "1"]

1. e4 e6 2. d4 d5 3. e5 c5 4. c3 Nc6 5. Nf3 cxd4 6. cxd4 Qb6 7. Nc3 Bb4 8. Be3 Nge7 9. Bd3 Bd7 10. 0-0 h6 11. Qc2 0-0 12. a3 Bxc3 13. bxc3 f6 14. Bh7+ Kh8 15. Nh4 f5 16. Rab1 Qc7 17. Bg6 f4 18. Bd2 Rfc8 19. Bxf4 Nxd4 20. Qd3 Qxc3 21. Qxc3 Rxc3 22. Rxb7 Ne2+ 23. Kh1 Nxf4 24. Rxd7 Nexg6 25. Nf3 Rxa3 26. h3 Nd3 27. Kg1 Ngxe5 28. Nxe5 Nxe5 29. Re7 Ra6 30. Rc1 Rc6 31. Re1 Ng6 32. Rb7 a5 0-1

[Event "SN-2016-0-00798"]
[Site "LSS email"]
[Date "2016.10.07"]
[Round "?"]
[White "Evtyugin, Yury Alekseevich"]
[Black "Erdem, Naci"]
[Result "1-0"]
[WhiteElo "850"]
[BlackElo "1192"]
[PlyCount "83"]
[EventDate "2016.09.14"]
[EventType "tourn (corr)"]
[EventRounds "6"]
[EventCountry "GER"]
[SourceTitle "Corr 2022"]
[Source "ChessBase"]
[SourceDate "2021.10.24"]
[SourceVersion "1"]
[SourceVersionDate "2021.10.24"]
[SourceQuality "1"]

1. Nf3 d5 2. d4 Nc6 3. g3 g6 4. Bg2 e6 5. 0-0 Bg7 6. c3 Nf6 7. Na3 0-0 8. Bg5 a6 9. Ne5 Qd6 10. Nxc6 Qxc6 11. Nc2 h6 12. Bd2 Bd7 13. Nb4 Qb6 14. b3 c5 15. dxc5 Qxc5 16. Nd3 Qe7 17. b4 b6 18. Rc1 Bc6 19. a4 e5 20. c4 e4 21. Ne1 d4 22. b5 axb5 23. axb5 Bb7 24. Qb3 Ra3 25. Qb4 Re8 26. Qxe7 Rxe7 27. Bb4 Ra2 28. Bxe7 Rxe2 29. Bd8 d3 30. Nxd3 exd3 31. Bxb7 d2 32. Rcd1 Nd7 33. Bf3 Re8 34. Bc7 Bc3 35. Bf4 Nc5 36. Bxd2 Bxd2 37. Rxd2 Nb3 38. Rd6 Nc5 39. Rxb6 Na4 40. Rb7 Nc5 41. Ra7 Rb8 42. Ra8 1-0